000 00354nam a22001697a 4500
003 UA-OsUOA
001 1797
007 ta
008 20050721b un ||||| |||| 00| 0 ukr d
100 _aMongomery
700 _aL. M.
942 _cBK
040 _aUA-OsUOA
_cUA-OsUOA
_dUA-OsUOA
245 _aAnne of the Island
_bFiction
955 _a2
650 7 _2UDC
999 _c287959
_d287959